U.S. Representatives by Home State - Statistics

General Stats
  • This quiz has been taken 291 times
    251 since last reset
  • The average score is 9 of 20
Answer Stats
Representative State % Correct
French Hill Arkansas
100%
Mike Thompson California
100%
Nancy Pelosi California
100%
Jim Costa California
100%
Judy Chu California
100%
Gil Cisneros California
100%
Juan Vargas California
100%
Lauren Boebert Colorado
100%
Debbie Wasserman Schultz Florida
100%
Marjorie Taylor Greene Georgia
100%
Steny Hoyer Maryland
100%
Ilhan Omar Minnesota
100%
Ann Wagner Missouri
100%
Gregory Meeks New York
100%
Grace Meng New York
100%
Hakeem Jeffries New York
100%
Yvette Clarke New York
100%
Dan Goldman New York
100%
Alexandria Ocasio-Cortez New York
100%
Mike Lawler New York
100%
Julie Fedorchak North Dakota
100%
Marcy Kaptur Ohio
100%
Troy Balderson Ohio
100%
Emilia Sykes Ohio
100%
Lloyd Smucker Pennsylvania
100%
Craig Goldman Texas
100%
Chip Roy Texas
100%
Tony Gonzales Texas
100%
Jasmine Crockett Texas
100%
David Schweikert Arizona
88%
Jeff Van Drew New Jersey
88%
Ritchie Torres New York
88%
Elise Stefanik New York
88%
Ro Khanna California
86%
Luz Rivas California
86%
Maxine Waters California
86%
Steve Scalise Louisiana
86%
Jamie Raskin Maryland
86%
Dan Crenshaw Texas
86%
Nick Begich Alaska
83%
Ted Lieu California
83%
Maxwell Frost Florida
83%
Ryan Zinke Montana
83%
Lance Gooden Texas
83%
Andy Biggs Arizona
80%
Eric Swalwell California
80%
Pete Aguilar California
80%
Robert Garcia California
80%
Jimmy Patronis Florida
80%
Kat Cammack Florida
80%
Mario Díaz-Balart Florida
80%
Andre Carson Indiana
80%
Andy Barr Kentucky
80%
Jared Golden Maine
80%
Debbie Dingell Michigan
80%
Laura Gillen New York
80%
Marie Gluesenkamp Perez Washington
80%
Riley Moore West Virginia
80%
David Scott Georgia
78%
Bill Huizenga Michigan
78%
Vicente Gonzalez Texas
78%
Juan Ciscomani Arizona
75%
(Raúl Grijalva died) Arizona
75%
Doris Matsui California
75%
Kevin Mullin California
75%
David Valadao California
75%
Jimmy Gomez California
75%
Jim Himes Connecticut
75%
Mike Johnson Louisiana
75%
Julia Letlow Louisiana
75%
Ayanna Pressley Massachusetts
75%
Don Bacon Nebraska
75%
Nydia Velázquez New York
75%
Jerry Nadler New York
75%
Mike Kelly Pennsylvania
75%
Al Green Texas
75%
Michael Cloud Texas
75%
Harriet Hageman Wyoming
75%
Randy Feenstra Iowa
71%
Jim Clyburn South Carolina
71%
Pat Fallon Texas
71%
Paul Gosar Arizona
70%
Bruce Westerman Arkansas
67%
Ami Bera California
67%
John Garamendi California
67%
Josh Harder California
67%
Jay Obernolte California
67%
Julia Brownley California
67%
Young Kim California
67%
Derek Tran California
67%
Scott Peters California
67%
Gabe Evans Colorado
67%
Aaron Bean Florida
67%
Daniel Webster Florida
67%
Byron Donalds Florida
67%
Lois Frankel Florida
67%
Jared Moskowitz Florida
67%
María Elvira Salazar Florida
67%
Brian Jack Georgia
67%
Lucy McBath Georgia
67%
Danny K. Davis Illinois
67%
Victoria Spartz Indiana
67%
Thomas Massie Kentucky
67%
Brad Finstad Minnesota
67%
Wesley Bell Missouri
67%
Chris Pappas New Hampshire
67%
Josh Gottheimer New Jersey
67%
Andrew Garbarino New York
67%
Tom Suozzi New York
67%
Don Davis North Carolina
67%
Virginia Foxx North Carolina
67%
Joyce Beatty Ohio
67%
Jim Jordan Ohio
67%
Brendan Boyle Pennsylvania
67%
Nancy Mace South Carolina
67%
Steve Cohen Tennessee
67%
Keith Self Texas
67%
Burgess Owens Utah
67%
Pramila Jayapal Washington
67%
Mark Pocan Wisconsin
67%
Brad Sherman California
64%
Sarah McBride Delaware
63%
Beth Van Duyne Texas
63%
Robert Aderholt Alabama
60%
Jeff Hurd Colorado
60%
Mike Haridopolos Florida
60%
Anna Paulina Luna Florida
60%
Sheila Cherfilus-McCormick Florida
60%
Brian Mast Florida
60%
Austin Scott Georgia
60%
Seth Moulton Massachusetts
60%
John James Michigan
60%
Rashida Tlaib Michigan
60%
Frank Pallone New Jersey
60%
Mike Sherill New Jersey
60%
Teresa Leger Fernandez New Mexico
60%
Mike Turner Ohio
60%
Val Hoyle Oregon
60%
Monica De La Cruz Texas
60%
Roger Williams Texas
60%
Greg Casar Texas
60%
Doug LaMalfa California
57%
Joe Neguse Colorado
57%
Jahana Hayes Connecticut
57%
Neal Dunn Florida
57%
Hank Johnson Georgia
57%
Zach Nunn Iowa
57%
Jake Auchincloss Massachusetts
57%
Bonnie Watson Coleman New Jersey
57%
Pat Ryan New York
57%
Ralph Norman South Carolina
57%
August Pfluger Texas
57%
Randy Weber Texas
57%
Veronica Escobar Texas
57%
Joaquin Castro Texas
57%
Sylvia Garcia Texas
57%
Jennifer McClellan Virginia
57%
Derrick Van Orden Wisconsin
57%
Andrew Clyde Georgia
56%
Nikki Budzinski Illinois
56%
Brian Fitzpatrick Pennsylvania
56%
Shomari Figures Alabama
50%
Terri Sewell Alabama
50%
Eli Crane Arizona
50%
Jared Huffman California
50%
Kevin Kiley California
50%
Tom McClintock California
50%
Jimmy Panetta California
50%
Salud Carbajal California
50%
Ken Calvert California
50%
Lou Correa California
50%
Sara Jacobs California
50%
Jeff Crank Colorado
50%
Jason Crow Colorado
50%
John B. Larson Connecticut
50%
Rosa DeLauro Connecticut
50%
Darren Soto Florida
50%
Kathy Castor Florida
50%
Frederica Wilson Florida
50%
Buddy Carter Georgia
50%
Barry Loudermilk Georgia
50%
Bill Foster Illinois
50%
Darin LaHood Illinois
50%
Hal Rogers Kentucky
50%
Jim McGovern Massachusetts
50%
Katherine Clark Massachusetts
50%
John Moolenar Michigan
50%
Lisa McClain Michigan
50%
Bennie Thompson Mississippi
50%
Emmanuel Cleaver Missouri
50%
Jason Smith Missouri
50%
Dina Titus Nevada
50%
Chris Smith New Jersey
50%
Thomas Kean Jr. New Jersey
50%
Rob Menendez New Jersey
50%
Gabe Vasquez New Mexico
50%
George Latimer New York
50%
Paul Tonko New York
50%
Claudia Tenney New York
50%
Joseph Morelle New York
50%
David Rouzer North Carolina
50%
Brad Knott North Carolina
50%
Tim Moore North Carolina
50%
Greg Landsman Ohio
50%
Warren Davidson Ohio
50%
Suzanne Bonamici Oregon
50%
Chrissy Houlahan Pennsylvania
50%
Ryan Mackenzie Pennsylvania
50%
Dan Meuser Pennsylvania
50%
Summer Lee Pennsylvania
50%
Chris Deluzio Pennsylvania
50%
Joe Wilson South Carolina
50%
Andy Ogles Tennessee
50%
(Sylvester Turner died) Texas
50%
Brandon Gill Texas
50%
Henry Cuellar Texas
50%
John McGuire Virginia
50%
Marilyn Strickland Washington
50%
Gwen Moore Wisconsin
50%
Eric Sorensen Illinois
44%
Richard Neal Massachusetts
44%
Dusty Johnson South Dakota
44%
Becca Balint Vermont
44%
Glenn Grothman Wisconsin
44%
Mike Rogers Alabama
43%
Sydney Kamlager-Dove California
43%
Dave Min California
43%
Joe Courtney Connecticut
43%
John Rutherford Florida
43%
Sanford Bishop Georgia
43%
Rick Allen Georgia
43%
Delia Ramirez Illinois
43%
Jan Schakowsky Illinois
43%
Brad Schneider Illinois
43%
James Comer Kentucky
43%
Chellie Pingree Maine
43%
Steven Horsford Nevada
43%
Nellie Pou New Jersey
43%
Addison McDowell North Carolina
43%
Dave Taylor Ohio
43%
Cliff Bentz Oregon
43%
Don Beyer Virginia
43%
Suhas Subramanyam Virginia
43%
Vince Fong California
40%
George Whitesides California
40%
Mark Takano California
40%
Mike Collins Georgia
40%
Ed Case Hawaii
40%
Jonathan Jackson Illinois
40%
Chuy García Illinois
40%
Mike Quigley Illinois
40%
Raja Krishnamoorthi Illinois
40%
Marlin Stutzman Indiana
40%
Sharice Davids Kansas
40%
Haley Stevens Michigan
40%
Tom Emmer Minnesota
40%
Trent Kelly Mississippi
40%
Michael Guest Mississippi
40%
Mark Alford Missouri
40%
Eric Burlison Missouri
40%
Herb Conaway New Jersey
40%
Nicole Malliotakis New York
40%
Adriano Espaillat New York
40%
Chuck Edwards North Carolina
40%
Madeleine Dean Pennsylvania
40%
Scott Perry Pennsylvania
40%
Tim Burchett Tennessee
40%
Pete Sessions Texas
40%
Jodey Arrington Texas
40%
Troy Nehls Texas
40%
John Carter Texas
40%
Lateefah Simon California
38%
Linda Sánchez California
38%
Lauren Underwood Illinois
38%
Kristen McDonald Rivet Michigan
38%
Pete Stauber Minnesota
38%
Mary Gay Scanlon Pennsylvania
38%
Diana Harshbarger Tennessee
38%
Ben Cline Virginia
38%
Eugene Vindman Virginia
38%
Tom Tiffany Wisconsin
38%
Darrell Issa California
36%
Yassamin Ansari Arizona
33%
Greg Stanton Arizona
33%
Sam Liccardo California
33%
Zoe Lofgren California
33%
Laura Friedman California
33%
Nikema Williams Georgia
33%
Sean Casten Illinois
33%
Mary Miller Illinois
33%
Erin Houchin Indiana
33%
Ashley Hinson Iowa
33%
Tracey Mann Kansas
33%
Stephen F. Lynch Massachusetts
33%
Jack Bergman Michigan
33%
Angie Craig Minnesota
33%
Kelly Morrison Minnesota
33%
Troy Downing Montana
33%
Mike Flood Nebraska
33%
John Mannion New York
33%
Greg Murphy North Carolina
33%
Alma Adams North Carolina
33%
Max Miller Ohio
33%
Shontel Brown Ohio
33%
Frank Lucas Oklahoma
33%
Gabe Amo Rhode Island
33%
Jake Ellzey Texas
33%
Morgan Luttrell Texas
33%
Jen Kiggans Virginia
33%
Rick Larsen Washington
33%
Dan Newhouse Washington
33%
Rich McCormick Georgia
29%
Mike Bost Illinois
29%
Frank Mrvan Indiana
29%
Brett Guthrie Kentucky
29%
Tim Walberg Michigan
29%
Sam Graves Missouri
29%
Tim Kennedy New York
29%
Janelle Bynum Oregon
29%
Andrea Salinas Oregon
29%
John Rose Tennessee
29%
Lizzie Fletcher Texas
29%
Ronny Jackson Texas
29%
Julie Johnson Texas
29%
Bobby Scott Virginia
29%
Mark Harris North Carolina
27%
Gus Bilirakis Florida
25%
Robin Kelly Illinois
25%
Glenn Ivey Maryland
25%
Lori Trahan Massachusetts
25%
Hillary Scholten Michigan
25%
Michelle Fischbach Minnesota
25%
LaMonica McIver New Jersey
25%
Richard Hudson North Carolina
25%
Seth Magaziner Rhode Island
25%
Sheri Biggs South Carolina
25%
William Timmons South Carolina
25%
Marc Veasey Texas
25%
Brian Babin Texas
25%
Lloyd Doggett Texas
25%
(Gerry Connolly died) Virginia
25%
Michael Baumgartner Washington
25%
Sarah Elfreth Maryland
22%
Kweisi Mfume Maryland
22%
Dwight Evans Pennsylvania
22%
Mark DeSaulnier California
20%
Diana DeGette Colorado
20%
Cory Mills Florida
20%
Vern Buchanan Florida
20%
Russ Fulcher Idaho
20%
Derek Schmidt Kansas
20%
Bill Keating Massachusetts
20%
Shri Thanedar Michigan
20%
Bob Onder Missouri
20%
Adrian Smith Nebraska
20%
Josh Riley New York
20%
Kevin Hern Oklahoma
20%
Tom Cole Oklahoma
20%
Guy Reschenthaler Pennsylvania
20%
Glenn Thompson Pennsylvania
20%
Chuck Fleischmann Tennessee
20%
Michael McCaul Texas
20%
Wesley Hunt Texas
20%
Mike Kennedy Utah
20%
Rob Wittman Virginia
20%
Susan DelBene Washington
20%
Bryan Steil Wisconsin
20%
Scott Fitzgerald Wisconsin
20%
Gary Palmer Alabama
17%
Raul Ruiz California
17%
Mike Levin California
17%
Jill Tokuda Hawaii
17%
Mike Simpson Idaho
17%
Troy Carter Louisiana
17%
Johnny Olszewski Maryland
17%
Deborah Ross North Carolina
17%
Bob Latta Ohio
17%
David Joyce Ohio
17%
Mike Carey Ohio
17%
Nathaniel Moran Texas
17%
Blake Moore Utah
17%
Tony Wied Wisconsin
17%
Dale Strong Alabama
14%
Randy Fine Florida
14%
Greg Steube Florida
14%
Clay Higgins Louisiana
14%
Andy Harris Maryland
14%
Betty McCollum Minnesota
14%
Donald Norcorss New Jersey
14%
Michael Rulli Ohio
14%
Josh Brecheen Oklahoma
14%
Maxine Dexter Oregon
14%
(Mark E. Green resigned) Tennessee
14%
Emily Randall Washington
14%
Carol Miller West Virginia
14%
Ron Estes Kansas
13%
Cleo Fields Louisiana
13%
Melanie Stansbury New Mexico
13%
Barry Moore Alabama
0%
Abraham Hamadeh Arizona
0%
Rick Crawford Arkansas
0%
Steve Womack Arkansas
0%
Adam Gray California
0%
Norma Torres California
0%
Nanette Barragán California
0%
Brittany Pettersen Colorado
0%
Laurel Lee Florida
0%
Scott Franklin Florida
0%
Carlos Giménez Florida
0%
Rudy Yakym Indiana
0%
Jim Baird Indiana
0%
Jefferson Shreve Indiana
0%
Marc Messmer Indiana
0%
Mariannette Miller-Meeks Iowa
0%
Morgan McGarvey Kentucky
0%
April McClain-Delaney Maryland
0%
Tom Barrett Michigan
0%
Mike Ezell Mississippi
0%
Mark Amodei Nevada
0%
Susie Lee Nevada
0%
Maggie Goodlander New Hampshire
0%
Nick LaLota New York
0%
Nick Langworthy New York
0%
Valerie Foushee North Carolina
0%
Pat Harrigan North Carolina
0%
Stephanie Bice Oklahoma
0%
Rob Bresnahan Pennsylvania
0%
John Joyce Pennsylvania
0%
Russell Fry South Carolina
0%
Scott DesJarlais Tennessee
0%
David Kustoff Tennessee
0%
Celeste Maloy Utah
0%
Morgan Griffith Virginia
0%
Kim Schrier Washington
0%
Adam Smith Washington
0%
No matching quizzes found
Score Distribution
Percent of People with Each Score
Percentile by Number Answered
Your Score History
You have not taken this quiz since the last reset